Города Ульяновской области - Statistics

General Stats
  • This quiz has been taken 47 times
  • The average score is 4 of 6
Answer Stats
Население Город % Correct
611 683 Ульяновск
100%
110 968 Димитровград
81%
13 673 Новоульяновск
78%
14 924 Барыш
66%
16 293 Инза
63%
6407 Сенгилей
56%
No matching quizzes found
Score Distribution
Percent of People with Each Score
Percentile by Number Answered
Your Score History
You have not taken this quiz